6) On Her Majesty's Secret Service Quiz - Statistics

General Stats
  • This quiz has been taken 571 times
    568 since last reset
  • The average score is 6 of 10
Answer Stats
Question Answer % Correct
George Lazenby is the only Bond actor to be born in which country? Australia
95%
Tracy's wedding ring contains the last six words spoken by Bond in the movie. What are they? all the time in the world
84%
What body part is Blofeld missing which supposedly proves his bloodline? earlobes
83%
Undercover as a genealogist, Bond spends much of the movie going by what name? Sir Hilary Bray
69%
To what animal was Ruby Bartlet previously allergic? chickens
66%
What sport does Bond play with the Angels of Death on Piz Gloria's outside deck? curling
61%
Complete the song title: "Do You Know How _________ _____ Are Grown?" Christmas Trees
39%
Whose grave does Bond visit at the beginning of the OHMSS novel? Vesper Lynd's
31%
Bond throws a knife into the calendar in Draco's office, hitting which date in September? 14
22%
What animal appears at the centre and on top of Blofeld’s family crest? boar
16%
No matching quizzes found
Score Distribution
Percent of People with Each Score
Percentile by Number Answered
Your Score History
You have not taken this quiz since the last reset